000 00553nam a22001697a 4500
008 211027b ||||| |||| 00| 0 eng d
020 _a0262032325
050 _aQH375.C95 1995
100 _aCziko, Gary
_950762
245 _aWithout miracles
_buniversal selection theory and the second Darwinian revolution
_c/by Gary, Cziko
260 _aCambridge:
_bMIT Press,
_c1995.
300 _axi, 375p.
_c23cm.
650 _aNatural selection
_950763
650 _aLearning, Psychology of
_913205
650 _aKnowledge, theory of
942 _2lcc
_cMONOGRAPH
999 _c131015
_d131015